00733nam a22001577a 450000500170000000800410001702000150005805000190007310000150009224500350010726000410014230000340018350000200021750502850023765000530052220210414114053.0120720t xxu||||| |||| 00| 0 eng d a0340883480 aQA76.73.B3 B76 aBride, Mac aTeach yourself visual basic. / aLondon :bContemporary Books,c2004. avii, 231 p. :bill. ;c20 cm. aIncludes index. aContents: The Visual studio --The Basics of visual basic -- Controls and events -- Variable and operations -- Program flow -- Subroutines and functions -- Dealing with errors -- Windows components -- Text process -- Graphics and animation --Multiple forms -- Answers to exercises. aVisual programming languages (Computer science)